000 00274nam a22001217a 4500
008 170413b xxu||||| |||| 00| 0 eng d
041 _aeng
080 _a618
100 _a10
101 _ashm
245 _aOBSTRETRICS AND GYNECOLOGY
_cCODDINGSTON.CH.C
942 _2udc
_cBK
999 _c10662
_d10662